Power and ideology in education. (Record no. 171598)
[ view plain ]
| 000 -LEADER | |
|---|---|
| fixed length control field | 00703cam7a220024100 4500 |
| 001 - CONTROL NUMBER | |
| control field | zam00002755 |
| 008 - FIXED-LENGTH DATA ELEMENTS--GENERAL INFORMATION | |
| fixed length control field | 951128s1977 xx eng u |
| 035 ## - SYSTEM CONTROL NUMBER | |
| System control number | (Sirsi) r20098 |
| 035 ## - SYSTEM CONTROL NUMBER | |
| System control number | (MACHINE)SLC. |
| 100 ## - MAIN ENTRY--PERSONAL NAME | |
| Personal name | Karabel, J. |
| Linkage | A81294.1 |
| 245 10 - TITLE STATEMENT | |
| Title | Power and ideology in education. |
| 260 ## - PUBLICATION, DISTRIBUTION, ETC. | |
| Date of publication, distribution, etc. | 1977. |
| 591 ## - | |
| -- | Class code: DS 940. |
| 591 ## - | |
| -- | Course: Women and development. |
| 591 ## - | |
| -- | School: S05. |
| 591 ## - | |
| -- | Lecturer: Dr. MILIMO, M.C. |
| 591 ## - | |
| -- | Number of Students: 61. |
| 949 ## - LOCAL PROCESSING INFORMATION (OCLC) | |
| a | LC191 |
| w | lcc |
| i | -18553 |
| m | MAIN |
| t | BOOK |
| l | ON-SHELF |
| 949 ## - LOCAL PROCESSING INFORMATION (OCLC) | |
| a | LC191 |
| w | lcc |
| i | -18554 |
| m | MAIN |
| t | BOOK |
| l | ON-SHELF |
| 900 ## - EQUIVALENCE OR CROSS-REFERENCE-PERSONAL NAME [LOCAL, CANADA] | |
| -- | MAIN |
| Field link and sequence number | LC191 |
| -- | KAR |
| Titles and other words associated with a name | 2 |
| 909 ## - | |
| -- | Book |
No items available.